Statistics for Coronavirus cases as of July the 31st

Click here to take the quiz!

General Stats

  • This quiz has been taken 7 times
  • The average score is 13 of 16

Answer Stats

Confirmed casesCountry% Correct
2,666,298Brazil
100%
247,537Italy
100%
303,181UK
100%
4,705,889USA
100%
355,667Chile
86%
1,697,054India
86%
416,179Mexico
86%
414,735Peru
86%
839,981Russia
86%
493,183South Africa
86%
335,602Spain
86%
295,508Colombia
71%
304,204Iran
71%
278,305Pakistan
71%
237,661Bangladesh
57%
275,905Saudi Arabia
43%

Score Distribution

Percentile by Number Answered

Percent of People with Each Score

Your Score History

You have not taken this quiz